LEADER 01103nam2-2200385---4500 001 990000603200203316 005 20060803092626.0 035 $a0060320 035 $aUSA010060320 035 $a(ALEPH)000060320USA01 035 $a0060320 100 $a20010830d1989----km-y0ENGy0103----ba 101 $aita 102 $aIT 200 1 $a<<12>> : Dog-Ere 210 $aRoma$cIstituto della Enciclopedia Italiana$dcopyr. 1989 215 $a1 v. (paginazione varia)$d29 cm 300 $aA fogli mobili 410 $12001 461 $10010060304$12001$aEnciclopedia giuridica 606 0 $aDiritto$xEnciclopedie e dizionari 676 $a349.4503 801 0$aIT$bsalbc$gISBD 912 $a990000603200203316 951 $a349.4503 ENC 12$b66348 EC$c349.450 951 $aSANT.10 ENC 4 12$b970 DDPG$cSANT.10 ENC 959 $aBK 969 $aECO 969 $aDDPG 979 $aPATTY$b90$c20010830$lUSA01$h1506 979 $c20020403$lUSA01$h1709 979 $aPATRY$b90$c20040406$lUSA01$h1642 979 $aDDPG1$b90$c20060803$lUSA01$h0926 996 $aDog-Ere$9882707 997 $aUNISA LEADER 02462nam 2200433 450 001 9910583485403321 005 20230120002512.0 010 $a0-12-805201-5 035 $a(CKB)3710000001100866 035 $a(MiAaPQ)EBC4822540 035 $a(EXLCZ)993710000001100866 100 $a20170327h20172017 uy 0 101 0 $aeng 135 $aurcnu|||||||| 181 $2rdacontent 182 $2rdamedia 183 $2rdacarrier 200 00$aSoil mapping and process modeling for sustainable land use management /$fedited by Paulo Pereira [and three others] 210 1$aAmsterdam, Netherlands :$cElsevier,$d2017. 210 4$dİ2017 215 $a1 online resource (400 pages) $cillustrations 311 $a0-12-805200-7 320 $aIncludes bibliographical references at the end of each chapters and index. 330 $aSoil Mapping and Process Modeling for Sustainable Land Use Management is the first reference to address the use of soil mapping and modeling for sustainability from both a theoretical and practical perspective. The use of more powerful statistical techniques are increasing the accuracy of maps and reducing error estimation, and this text provides the information necessary to utilize the latest techniques, as well as their importance for land use planning. Providing practical examples to help illustrate the application of soil process modeling and maps, this reference is an essential tool for professionals and students in soil science and land management who want to bridge the gap between soil modeling and sustainable land use planning. Offers both a theoretical and practical approach to soil mapping and its uses in land use management for sustainability. Synthesizes the most up-to-date research on soil mapping techniques and applications. Provides an interdisciplinary approach from experts worldwide working in soil mapping and land management. 606 $aSoil mapping 606 $aLand use$xPlanning$xStatistical methods 606 $aLand use$xPlanning$xSimulation methods 615 0$aSoil mapping. 615 0$aLand use$xPlanning$xStatistical methods. 615 0$aLand use$xPlanning$xSimulation methods. 676 $a631.47 702 $aPereira$b Paulo 801 0$bMiAaPQ 801 1$bMiAaPQ 801 2$bMiAaPQ 906 $aBOOK 912 $a9910583485403321 996 $aSoil mapping and process modeling for sustainable land use management$92044535 997 $aUNINA LEADER 05414nam 2201261 a 450 001 9910785676003321 005 20220416004822.0 010 $a1-282-96454-2 010 $a9786612964541 010 $a1-4008-3691-3 024 7 $a10.1515/9781400836918 035 $a(CKB)2670000000067566 035 $a(EBL)646776 035 $a(OCoLC)703155997 035 $a(SSID)ssj0000470730 035 $a(PQKBManifestationID)11307613 035 $a(PQKBTitleCode)TC0000470730 035 $a(PQKBWorkID)10415667 035 $a(PQKB)11484297 035 $a(StDuBDS)EDZ0000514912 035 $a(MdBmJHUP)muse36888 035 $a(DE-B1597)446788 035 $a(OCoLC)979905230 035 $a(DE-B1597)9781400836918 035 $a(Au-PeEL)EBL646776 035 $a(CaPaEBR)ebr10442059 035 $a(CaONFJC)MIL296454 035 $a(MiAaPQ)EBC646776 035 $a(EXLCZ)992670000000067566 100 $a20100726d2011 uy 0 101 0 $aeng 135 $aurnn#---|u||u 181 $ctxt 182 $cc 183 $acr 200 10$aKnowing full well$b[electronic resource] /$fErnest Sosa 205 $aCourse Book 210 $aPrinceton, N.J. $cPrinceton University Press$dc2011 215 $a1 online resource (176 p.) 225 1 $aSoochow University lectures in philosophy 300 $aDescription based upon print version of record. 311 0 $a0-691-14397-8 320 $aIncludes bibliographical references and index. 327 $tFront matter --$tContents --$tPreface --$tAcknowledgments --$tChapter one. Knowing Full Well --$tChapter two. Epistemic Agency --$tChapter three. Value Matters in Epistemology --$tChapter four. Three Views of Human Knowledge --$tChapter five. Contextualism --$tChapter six. Propositional Experience --$tChapter seven. Knowledge: Instrumental and Testimonial --$tChapter eight. Epistemic Circularity --$tSumming Up --$tIndex 330 $aIn this book, Ernest Sosa explains the nature of knowledge through an approach originated by him years ago, known as virtue epistemology. Here he provides the first comprehensive account of his views on epistemic normativity as a form of performance normativity on two levels. On a first level is found the normativity of the apt performance, whose success manifests the performer's competence. On a higher level is found the normativity of the meta-apt performance, which manifests not necessarily first-order skill or competence but rather the reflective good judgment required for proper risk assessment. Sosa develops this bi-level account in multiple ways, by applying it to issues much disputed in recent epistemology: epistemic agency, how knowledge is normatively related to action, the knowledge norm of assertion, and the Meno problem as to how knowledge exceeds merely true belief. A full chapter is devoted to how experience should be understood if it is to figure in the epistemic competence that must be manifest in the truth of any belief apt enough to constitute knowledge. Another takes up the epistemology of testimony from the performance-theoretic perspective. Two other chapters are dedicated to comparisons with ostensibly rival views, such as classical internalist foundationalism, a knowledge-first view, and attributor contextualism. The book concludes with a defense of the epistemic circularity inherent in meta-aptness and thereby in the full aptness of knowing full well. 410 0$aSoochow University lectures in philosophy. 606 $aVirtue epistemology 610 $aAAA normativity. 610 $aAAA structure. 610 $aMeno problem. 610 $aMeno. 610 $aPlato. 610 $aPlatonic problems. 610 $aTheaetus. 610 $aapprehension. 610 $aassertion. 610 $aawareness. 610 $abelief. 610 $abootstrapping. 610 $acircularity. 610 $acontextualism. 610 $acontextualist fallacy. 610 $aepistemic agency. 610 $aepistemic circularity. 610 $aepistemic faculties. 610 $aepistemic normativity. 610 $aepistemic performances. 610 $aepistemology. 610 $aexperience. 610 $aexperiential states. 610 $ahuman knowledge. 610 $aignorance. 610 $ainterlocutors. 610 $aknowledge first. 610 $aknowledge. 610 $ameta-aptness. 610 $anormativity. 610 $aperceptual knowledge. 610 $aperformance aims. 610 $aperformance based. 610 $aperformance normativity. 610 $aproper action. 610 $apropositional experience. 610 $aradical knowledge. 610 $arelevant alternatives. 610 $asensa. 610 $asense data. 610 $asensory experience. 610 $askeptic. 610 $atestimonial knowledge. 610 $atestimonies. 610 $atestimony. 610 $athreshold setting. 610 $atraditional knowledge. 610 $atrue belief. 610 $atrust. 610 $avirtue epistemology. 615 0$aVirtue epistemology. 676 $a121 686 $a08.32$2bcl 700 $aSosa$b Ernest$0898089 801 0$bMiAaPQ 801 1$bMiAaPQ 801 2$bMiAaPQ 906 $aBOOK 912 $a9910785676003321 996 $aKnowing full well$93761663 997 $aUNINA